[Event "1st SWIFT it"]
[Site "Brussels BEL"]
[Date "1986.03.23"]
[Round "1"]
[White "Torre, Eugenio"]
[Black "Karpov, Anatoly"]
[Result "1/2-1/2"]
[WhiteElo "2525"]
[BlackElo "2700"]
[EventDate "1986.03.23"]
[PlyCount "59"]

1.d4 d5 2.c4 e6 3.Nc3 Be7 4.Nf3 Nf6 5.Bg5 h6 6.Bh4 O-O 7.Qc2 Na6 8.Rd1 b6 
9.Bxf6 Bxf6 10.e4 c6 11.a3 Bb7 12.Bd3 dxc4 13.Bxc4 b5 14.Be2 b4 15.axb4 
Nxb4 16.Qb3 c5 17.O-O a5 18.d5 exd5 19.exd5 a4 20.Nxa4 Bxd5 21.Bc4 Qa5 22.
Bxd5 Qxa4 23.Qxa4 Rxa4 24.b3 Ra7 25.Bc4 g6 26.Rd6 Kg7 27.Rfd1 Re8 28.Rd7 
Re7 29.Rxe7 Rxe7 30.g3 1/2-1/2

[Event "1st SWIFT it"]
[Site "Brussels BEL"]
[Date "1986.03.23"]
[Round "1"]
[White "Van der Wiel, John"]
[Black "Kortschnoj, Viktor"]
[Result "0-1"]
[WhiteElo "2555"]
[BlackElo "2635"]
[EventDate "1986.03.23"]
[PlyCount "86"]

1.e4 e6 2.d4 d5 3.Nd2 c5 4.Ngf3 Nf6 5.exd5 Nxd5 6.c4 Nf6 7.Nb3 cxd4 8.Qxd4
Bd7 9.Bg5 Bb4+ 10.Nbd2 h6 11.a3 Nc6 12.Qh4 Be7 13.Bd3 Rg8 14.Bxf6 Bxf6 15.
Qe4 g5 16.O-O g4 17.Ne1 Bxb2 18.Rb1 Bc3 19.Qe3 Qc7 20.Ne4 Bd4 21.Qd2 O-O-O
22.c5 Be5 23.f4 f5 24.fxe5 fxe4 25.Bxe4 Qxe5 26.Qe3 Rgf8 27.Nd3 Rxf1+ 28.
Rxf1 Qc3 29.Rb1 e5 30.Qxh6 Qd4+ 31.Nf2 Qxc5 32.Rc1 Qxa3 33.Nd3 Qa4 34.Qg6 
Qd4+ 35.Kh1 Kb8 36.Nc5 Qxc5 37.Rxc5 Bf5 38.h4 Bxg6 39.Bxg6 g3 40.Rc1 Ne7 
41.Bf7 Rf8 42.Rf1 Ng6 43.h5 Nf4 0-1

[Event "1st SWIFT it"]
[Site "Brussels BEL"]
[Date "1986.03.23"]
[Round "1"]
[White "Romanishin, Oleg"]
[Black "Ljubojevic, Ljubomir"]
[Result "1/2-1/2"]
[WhiteElo "2560"]
[BlackElo "2605"]
[EventDate "1986.03.23"]
[PlyCount "38"]

1.Nf3 d5 2.c4 c6 3.g3 Nf6 4.Bg2 Bf5 5.O-O Nbd7 6.d3 dxc4 7.dxc4 e5 8.Nc3 
Be7 9.h3 O-O 10.Be3 Re8 11.Rc1 h6 12.Nd2 Qc7 13.a3 Bc5 14.Bxc5 Nxc5 15.b4 
Ne6 16.Nd5 cxd5 17.cxd5 Qe7 18.dxe6 Bxe6 19.Qc2 Red8 1/2-1/2

[Event "1st SWIFT it"]
[Site "Brussels BEL"]
[Date "1986.03.23"]
[Round "1"]
[White "Timman, Jan"]
[Black "Jadoul, Michel"]
[Result "1-0"]
[WhiteElo "2645"]
[BlackElo "2360"]
[EventDate "1986.03.23"]
[PlyCount "51"]

1.e4 c5 2.Nf3 g6 3.d4 Bg7 4.d5 Nf6 5.Nc3 O-O 6.Be2 d6 7.O-O e6 8.dxe6 Bxe6
9.Be3 Nc6 10.Qd2 Qe7 11.Bg5 Rfe8 12.Rad1 Rad8 13.Qf4 a6 14.Qh4 Ne5 15.Nxe5
dxe5 16.f4 Rxd1 17.Rxd1 h6 18.Bxh6 Bxh6 19.Qxh6 c4 20.f5 gxf5 21.Qg5+ Kh8 
22.exf5 Bd7 23.Qh4+ Kg7 24.Qg5+ Kh8 25.Qh6+ Kg8 26.Bxc4 1-0

[Event "1st SWIFT it"]
[Site "Brussels BEL"]
[Date "1986.03.23"]
[Round "1"]
[White "Zapata Ramirez, Alonso"]
[Black "Winants, Luc"]
[Result "1/2-1/2"]
[WhiteElo "2515"]
[BlackElo "2340"]
[EventDate "1986.03.23"]
[PlyCount "86"]

1.e4 c5 2.Nf3 d6 3.d4 cxd4 4.Nxd4 Nf6 5.Nc3 a6 6.Be3 e6 7.Be2 Be7 8.O-O 
O-O 9.f4 Nc6 10.Qe1 Nxd4 11.Bxd4 b5 12.a3 Bb7 13.Qg3 g6 14.Bd3 a5 15.Rae1 
b4 16.axb4 axb4 17.Nd1 d5 18.e5 Ne4 19.Qh3 Qc7 20.Ne3 Bc5 21.Bxc5 Qxc5 22.
Kh1 h5 23.Bxe4 dxe4 24.g4 h4 25.Qxh4 Ra1 26.f5 Rxe1 27.Qxe1 Qxe5 28.fxg6 
Qxb2 29.Qh4 fxg6 30.Rxf8+ Kxf8 31.Qd8+ Kg7 32.Qe7+ Kh8 33.Kg2 Bd5 34.Kh3 
Qc3 35.Qg5 Kg7 36.Qf4 Qf6 37.Kg3 b3 38.cxb3 Bxb3 39.Qc7+ Kh8 40.Qb8+ Kh7 
41.Qxb3 Qf3+ 42.Kh4 Qf6+ 43.g5 Qf2+ 1/2-1/2

[Event "1st SWIFT it"]
[Site "Brussels BEL"]
[Date "1986.03.24"]
[Round "2"]
[White "Karpov, Anatoly"]
[Black "Timman, Jan"]
[Result "1-0"]
[WhiteElo "2700"]
[BlackElo "2645"]
[EventDate "1986.03.23"]
[PlyCount "209"]

1.Nf3 Nf6 2.c4 b6 3.g3 c5 4.Bg2 Bb7 5.O-O g6 6.d4 Bg7 7.Nc3 Ne4 8.Nxe4 
Bxe4 9.d5 e5 10.Qb3 O-O 11.Bh3 Bxf3 12.Qxf3 f5 13.e4 f4 14.Qd1 d6 15.Bd2 
a5 16.Qa4 Bh6 17.Rac1 Bg5 18.Rc2 Kh8 19.a3 Ra7 20.Be1 Qe8 21.Qxe8 Rxe8 22.
Bd2 Na6 23.Rb1 Rf8 24.Rc3 Kg7 25.Bg4 Raf7 26.Rb3 Rb8 27.Bd1 h5 28.h4 Bh6 
29.g4 hxg4 30.Bxg4 Kf6 31.Kf1 Rfb7 32.Ke1 Bf8 33.Rh3 Rh7 34.Ke2 Be7 35.h5 
gxh5 36.Rxh5 Rxh5 37.Bxh5 Rg8 38.Bf3 Rh8 39.Bg4 Nc7 40.Bd7 Kf7 41.Ra1 Bg5 
42.Bc3 Ke7 43.Bf5 Bf6 44.Rd1 Ra8 45.Kd3 Rh8 46.Be1 Ra8 47.Bd2 Rh8 48.Rc1 
Ra8 49.Rc3 Rh8 50.Rb3 Na8 51.Ke2 Bg5 52.Be1 Rh1 53.Bc8 Bh4 54.Bd2 Rh2 55.
Be1 Rh1 56.Bb7 Nc7 57.Bc6 Kd8 58.Bd2 Rh2 59.Be1 Rh1 60.Ba4 Kc8 61.Bc3 Rh2 
62.Rxb6 Rxf2+ 63.Kd3 Rf3+ 64.Kc2 Rg3 65.Rxd6 f3 66.Rh6 f2 67.Rh8+ Kb7 68.
Bc6+ Ka6 69.Rf8 Rg8 70.Rf3 Rg3 71.Rf5 Rg5 72.Rf7 Rg7 73.Rf3 Rg3 74.Rf5 Rg5
75.Rf8 Rg8 76.Rf7 Rg7 77.Rxg7 f1=Q 78.Rxc7 Qxc4 79.a4 Qxe4+ 80.Kb3 Be1 81.
d6 Qh4 82.Bb5+ Kb6 83.Rc6+ Kb7 84.d7 Bxc3 85.bxc3 c4+ 86.Rxc4 Qe1 87.d8=N+
Ka7 88.Rc7+ Kb8 89.Rd7 Qb1+ 90.Kc4 Qf1+ 91.Kd5 Qf3+ 92.Kd6 Qf8+ 93.Ke6 
Qh6+ 94.Kxe5 Qe3+ 95.Kd6 Qf4+ 96.Kc5 Qe3+ 97.Kc4 Kc8 98.Nf7 Qe4+ 99.Kc5 
Qe3+ 100.Kc6 Qxc3+ 101.Kb6 Qe3+ 102.Ka6 Qe6+ 103.Nd6+ Kb8 104.Rd8+ Kc7 
105.Rc8+ 1-0

[Event "1st SWIFT it"]
[Site "Brussels BEL"]
[Date "1986.03.24"]
[Round "2"]
[White "Jadoul, Michel"]
[Black "Romanishin, Oleg"]
[Result "0-1"]
[WhiteElo "2360"]
[BlackElo "2560"]
[EventDate "1986.03.23"]
[PlyCount "84"]

1.e4 c5 2.Nf3 e6 3.d4 cxd4 4.Nxd4 Nc6 5.Nc3 a6 6.Nxc6 bxc6 7.Bd3 d5 8.O-O 
Nf6 9.Re1 Be7 10.e5 Nd7 11.Qg4 Kf8 12.Qh5 Rb8 13.a3 Kg8 14.b3 Nc5 15.Bf1 
a5 16.Be3 Nd7 17.Bf4 g6 18.Qh6 Bf8 19.Qg5 Qxg5 20.Bxg5 h6 21.Bd8 Ra8 22.
Na4 Bb7 23.Bc7 Kg7 24.c4 Be7 25.cxd5 cxd5 26.Bb5 Nc5 27.Nb6 Ra7 28.b4 Nb3 
29.Rab1 Nd4 30.Bd3 axb4 31.axb4 Bc6 32.Bd6 Bxd6 33.exd6 Rb7 34.b5 Rxb6 35.
bxc6 Rxc6 36.Rb4 Nf5 37.d7 Rd6 38.Rb7 Rd8 39.Bb5 Nd4 40.Ba4 Ra6 41.Ra1 
Ne2+ 42.Kf1 Nc3 0-1

[Event "1st SWIFT it"]
[Site "Brussels BEL"]
[Date "1986.03.24"]
[Round "2"]
[White "Seirawan, Yasser"]
[Black "Torre, Eugenio"]
[Result "1/2-1/2"]
[WhiteElo "2605"]
[BlackElo "2525"]
[EventDate "1986.03.23"]
[PlyCount "57"]

1.d4 Nf6 2.c4 e6 3.Nf3 d5 4.Bg5 h6 5.Bxf6 Qxf6 6.Nc3 c6 7.e3 Nd7 8.Bd3 Qd8
9.O-O Be7 10.Qe2 O-O 11.a3 a5 12.Rad1 Qc7 13.e4 dxc4 14.Bxc4 b5 15.Bd3 b4 
16.Nb1 Bb7 17.axb4 Bxb4 18.Nc3 a4 19.Qc2 Qa5 20.Ra1 Bxc3 21.Qxc3 Qxc3 22.
bxc3 c5 23.Bb5 Nf6 24.e5 Nd5 25.Rfc1 cxd4 26.Nxd4 a3 27.Bf1 Ne7 28.Nc2 Ng6
29.Rxa3 1/2-1/2

[Event "1st SWIFT it"]
[Site "Brussels BEL"]
[Date "1986.03.25"]
[Round "3"]
[White "Romanishin, Oleg"]
[Black "Karpov, Anatoly"]
[Result "1/2-1/2"]
[WhiteElo "2560"]
[BlackElo "2700"]
[EventDate "1986.03.23"]
[PlyCount "41"]

1.e4 e5 2.Nf3 Nc6 3.Bb5 a6 4.Ba4 Nf6 5.O-O b5 6.Bb3 Bb7 7.d3 Be7 8.c4 bxc4
9.Bxc4 O-O 10.Nc3 d6 11.a3 Na5 12.Ba2 c5 13.Bg5 Nc6 14.Bxf6 Bxf6 15.Bd5 
Rb8 16.Rb1 Qc7 17.b4 cxb4 18.axb4 Nd4 19.Bxb7 Qxc3 20.Bxa6 Rxb4 21.Nxd4 
1/2-1/2

[Event "1st SWIFT it"]
[Site "Brussels BEL"]
[Date "1986.03.25"]
[Round "3"]
[White "Kortschnoj, Viktor"]
[Black "Ljubojevic, Ljubomir"]
[Result "1/2-1/2"]
[WhiteElo "2635"]
[BlackElo "2605"]
[EventDate "1986.03.23"]
[PlyCount "41"]

1.Nf3 c5 2.g3 g6 3.c3 d5 4.d4 cxd4 5.cxd4 Nc6 6.Nc3 Bg7 7.Bg2 Nf6 8.Ne5 
Bd7 9.O-O O-O 10.Bg5 Be8 11.Bxf6 Bxf6 12.Nxd5 Bg7 13.e3 Nxe5 14.dxe5 Bxe5 
15.Qb3 e6 16.Nc3 Qe7 17.Rfd1 Rc8 18.Rd3 b5 19.f4 Bxc3 20.Rxc3 Bd7 21.Rac1 
1/2-1/2

[Event "1st SWIFT it"]
[Site "Brussels BEL"]
[Date "1986.03.25"]
[Round "3"]
[White "Timman, Jan"]
[Black "Seirawan, Yasser"]
[Result "1/2-1/2"]
[WhiteElo "2645"]
[BlackElo "2605"]
[EventDate "1986.03.23"]
[PlyCount "64"]

1.d4 d5 2.Nf3 c5 3.c4 dxc4 4.d5 e6 5.Nc3 exd5 6.Qxd5 Qxd5 7.Nxd5 Bd6 8.Nd2
Ne7 9.Nxc4 Nxd5 10.Nxd6+ Ke7 11.Nxc8+ Rxc8 12.g3 Nb4 13.Bh3 Rd8 14.O-O 
N8c6 15.Bg2 Rd7 16.Be3 b6 17.a3 Nd5 18.Bg5+ f6 19.e4 Nc7 20.e5 Nd5 21.
exf6+ gxf6 22.Bd2 Kf7 23.Rae1 Nd4 24.Bc3 Nb5 25.Be4 Nbxc3 26.bxc3 Rad8 27.
c4 Ne7 28.Bxh7 f5 29.Re5 Kf6 30.Rfe1 Rh8 31.Re6+ Kf7 32.Rh6 Kg7 1/2-1/2

[Event "1st SWIFT it"]
[Site "Brussels BEL"]
[Date "1986.03.25"]
[Round "3"]
[White "Van der Wiel, John"]
[Black "Jadoul, Michel"]
[Result "1-0"]
[WhiteElo "2555"]
[BlackElo "2360"]
[EventDate "1986.03.23"]
[PlyCount "93"]

1.d4 d5 2.c4 c6 3.Nf3 Nf6 4.Nc3 e6 5.cxd5 exd5 6.Bg5 Be7 7.Qc2 g6 8.h3 Bf5
9.Qb3 Qb6 10.g4 Qxb3 11.axb3 Be6 12.Bh6 Na6 13.Bg2 Ne4 14.O-O Nc7 15.Rfc1 
f6 16.Ne1 Nxc3 17.bxc3 g5 18.f4 Rg8 19.f5 Bf7 20.Nd3 Kd7 21.Kf2 Nb5 22.h4 
gxh4 23.Bf3 Nd6 24.Nc5+ Kc8 25.Ke3 b6 26.Nd3 Ne4 27.c4 Kb7 28.Bxe4 dxe4 
29.Nf2 Bd6 30.Nxe4 Rae8 31.Kf3 Rxe4 32.Kxe4 Rxg4+ 33.Kd3 c5 34.e3 cxd4 35.
Rg1 Bg3 36.exd4 Be8 37.Rae1 Bd7 38.Re7 Kc8 39.Rf1 h3 40.Rxh7 Rh4 41.Rh8+ 
Kb7 42.Bg7 Rg4 43.Bxf6 Bf4 44.Rh7 Kc8 45.Rxh3 Bxf5+ 46.Kc3 Bg6 47.Be5 1-0

[Event "1st SWIFT it"]
[Site "Brussels BEL"]
[Date "1986.03.25"]
[Round "3"]
[White "Torre, Eugenio"]
[Black "Zapata Ramirez, Alonso"]
[Result "1/2-1/2"]
[WhiteElo "2525"]
[BlackElo "2515"]
[EventDate "1986.03.23"]
[PlyCount "49"]

1.d4 Nf6 2.Nf3 g6 3.c3 Bg7 4.Bg5 O-O 5.Nbd2 d5 6.e3 b6 7.b4 Nbd7 8.b5 Bb7 
9.a4 Re8 10.Be2 e5 11.O-O h6 12.Bh4 c5 13.bxc6 Bxc6 14.Qb3 Qe7 15.Bb5 Rac8
16.Bxc6 Rxc6 17.Bxf6 Bxf6 18.Qxd5 Rxc3 19.Ne4 exd4 20.Nxc3 dxc3 21.a5 Nc5 
22.axb6 axb6 23.Nd4 Ne4 24.Qc6 Nd2 25.Qxc3 1/2-1/2

[Event "1st SWIFT it"]
[Site "Brussels BEL"]
[Date "1986.03.26"]
[Round "4"]
[White "Karpov, Anatoly"]
[Black "Van der Wiel, John"]
[Result "1/2-1/2"]
[WhiteElo "2700"]
[BlackElo "2555"]
[EventDate "1986.03.23"]
[PlyCount "127"]

1.e4 c5 2.Nf3 e6 3.d4 cxd4 4.Nxd4 Nc6 5.Nb5 d6 6.c4 Nf6 7.N1c3 a6 8.Na3 d5
9.cxd5 exd5 10.exd5 Nb4 11.Be2 Bc5 12.Be3 Bxe3 13.Qa4+ Nd7 14.Qxb4 Bc5 15.
Qe4+ Kf8 16.O-O b5 17.Nc2 Nf6 18.Qd3 g6 19.Bf3 Bf5 20.Qd2 h5 21.Nd4 Bg4 
22.Nc6 Qd6 23.Ne4 Nxe4 24.Bxe4 Kg8 25.Rac1 Re8 26.Qd3 Bb6 27.Bf3 Bc7 28.g3
Qf6 29.Rc3 Bb6 30.Rb3 Bh3 31.Bg2 Bg4 32.Bf3 Bh3 33.Bg2 Bg4 34.Qc3 Qd6 35.
Re1 Rxe1+ 36.Qxe1 Qf6 37.h3 Bd7 38.Rf3 Qd6 39.Qc3 Bf5 40.h4 Kh7 41.Bh3 b4 
42.Qe1 Qxd5 43.Bg2 Qe6 44.Qxb4 Qxc6 45.Rxf5 Qc1+ 46.Kh2 gxf5 47.Qxb6 Qh6 
48.Qd4 Re8 49.Bh3 f4 50.gxf4 Kg8 51.b4 Qg7 52.Qd7 Re1 53.Qd8+ Kh7 54.Bf5+ 
Kh6 55.Qg5+ Qxg5 56.fxg5+ Kg7 57.Bd3 Ra1 58.Bc4 Rb1 59.a3 Ra1 60.Bxa6 Rxa3
61.Be2 Ra2 62.Bxh5 Rxf2+ 63.Kg3 Rb2 64.Bf3 1/2-1/2

[Event "1st SWIFT it"]
[Site "Brussels BEL"]
[Date "1986.03.26"]
[Round "4"]
[White "Jadoul, Michel"]
[Black "Kortschnoj, Viktor"]
[Result "0-1"]
[WhiteElo "2360"]
[BlackElo "2635"]
[EventDate "1986.03.23"]
[PlyCount "121"]

1.e4 e6 2.d4 d5 3.Nc3 Bb4 4.e5 c5 5.Nf3 Ne7 6.dxc5 Nd7 7.Qd4 Qa5 8.Bd2 Nc6
9.Qg4 O-O 10.Bd3 Ncxe5 11.Nxe5 Nxe5 12.Bxh7+ Kxh7 13.Qh5+ Kg8 14.Qxe5 Qxc5
15.O-O-O Bd7 16.a3 Qd6 17.Qxd6 Bxd6 18.Ne4 Be7 19.Bb4 Bxb4 20.axb4 a5 21.
Nc5 Bc6 22.Nd3 d4 23.f3 f6 24.Kd2 e5 25.Ra1 a4 26.Rhe1 Kf7 27.Nf2 Rh8 28.
h3 Rac8 29.Rac1 g5 30.c4 dxc3+ 31.Rxc3 Rcd8+ 32.Rd3 Bb5 33.Rxd8 Rxd8+ 34.
Kc3 Rc8+ 35.Kd2 Rc4 36.Re4 Rc8 37.Re3 Bf1 38.g3 Rc4 39.Re4 Ke6 40.Rxc4 
Bxc4 41.Ke3 Bd5 42.f4 exf4+ 43.gxf4 Bg2 44.fxg5 fxg5 45.Ne4 Kf5 46.Ng3+ 
Ke5 47.Ne2 Bxh3 48.Nc3 Bd7 49.b5 Be8 50.Nxa4 Bxb5 51.Nc3 Bc6 52.Ne2 Kd5 
53.Ng3 Kc4 54.Kd2 Kd4 55.Ke2 Bd7 56.Nh1 Bb5+ 57.Kd2 Ke4 58.Nf2+ Kf3 59.Nh3
g4 60.Ng5+ Kg2 61.Ke3 0-1

[Event "1st SWIFT it"]
[Site "Brussels BEL"]
[Date "1986.03.26"]
[Round "4"]
[White "Winants, Luc"]
[Black "Ljubojevic, Ljubomir"]
[Result "1/2-1/2"]
[WhiteElo "2340"]
[BlackElo "2605"]
[EventDate "1986.03.23"]
[PlyCount "79"]

1.d4 Nf6 2.c4 e6 3.Nf3 b6 4.a3 Ba6 5.Qc2 c5 6.d5 exd5 7.cxd5 Bb7 8.e4 Qe7 
9.Bd3 Nxd5 10.O-O Nc7 11.b4 Ne6 12.Nc3 Nc6 13.Nd5 Qd8 14.bxc5 Bxc5 15.Bb2 
Rc8 16.Qd2 O-O 17.Rad1 Ncd4 18.Nxd4 Bxd4 19.Bxd4 Nxd4 20.Bb1 Nb3 21.Qe3 
Nc5 22.e5 Bxd5 23.Rxd5 Qe7 24.f4 Rc6 25.Rfd1 f5 26.a4 g6 27.Qa3 Qg7 28.Ba2
Kh8 29.Bc4 Rc7 30.Bb5 Rf7 31.a5 g5 32.axb6 axb6 33.fxg5 Qxg5 34.Qa8+ Qg8 
35.Qxg8+ Kxg8 36.Rd6 Re7 37.Rxb6 Rxe5 38.Rbd6 Ne4 39.Rxd7 Rxd7 40.Bxd7 
1/2-1/2

[Event "1st SWIFT it"]
[Site "Brussels BEL"]
[Date "1986.03.26"]
[Round "4"]
[White "Miles, Anthony John"]
[Black "Torre, Eugenio"]
[Result "1/2-1/2"]
[WhiteElo "2610"]
[BlackElo "2525"]
[EventDate "1986.03.23"]
[PlyCount "60"]

1.d4 d5 2.c4 c6 3.Nf3 Nf6 4.Nc3 dxc4 5.a4 Na6 6.e4 Bg4 7.Bxc4 e6 8.Be3 Nb4
9.O-O Be7 10.Be2 O-O 11.a5 b6 12.Ne5 Bxe2 13.Qxe2 Qc7 14.Rfc1 Rfc8 15.Qf3 
Qd8 16.Nxf7 Kxf7 17.e5 Kg8 18.exf6 Bxf6 19.Qg4 Qd7 20.Ne4 Nd5 21.Rd1 Rf8 
22.Bg5 Rae8 23.axb6 axb6 24.Ra3 Bxg5 25.Nxg5 Nf6 26.Qe2 e5 27.dxe5 Rxe5 
28.Qc4+ Nd5 29.Nf3 Ref5 30.Rc1 Rc8 1/2-1/2

[Event "1st SWIFT it"]
[Site "Brussels BEL"]
[Date "1986.03.26"]
[Round "4"]
[White "Seirawan, Yasser"]
[Black "Romanishin, Oleg"]
[Result "1/2-1/2"]
[WhiteElo "2605"]
[BlackElo "2560"]
[EventDate "1986.03.23"]
[PlyCount "46"]

1.d4 Nf6 2.c4 e6 3.Nc3 Bb4 4.Qc2 c5 5.dxc5 Bxc5 6.Nf3 Qb6 7.e3 Qc7 8.Be2 
a6 9.O-O b6 10.b3 Bb7 11.Bb2 Be7 12.Rac1 d6 13.Ng5 Nbd7 14.Bf3 Bxf3 15.
Nxf3 Qb7 16.Rfd1 O-O 17.Ba3 Nc5 18.Bxc5 dxc5 19.e4 Rfd8 20.e5 Nd7 21.h4 h6
22.Qe2 Nf8 23.g3 Rab8 1/2-1/2

[Event "1st SWIFT it"]
[Site "Brussels BEL"]
[Date "1986.03.26"]
[Round "4"]
[White "Zapata Ramirez, Alonso"]
[Black "Timman, Jan"]
[Result "1/2-1/2"]
[WhiteElo "2515"]
[BlackElo "2645"]
[EventDate "1986.03.23"]
[PlyCount "121"]

1.e4 c5 2.Nf3 d6 3.d4 cxd4 4.Nxd4 Nf6 5.Nc3 Nc6 6.Be3 e6 7.Be2 Be7 8.O-O 
O-O 9.f4 e5 10.fxe5 dxe5 11.Nf5 Bxf5 12.Rxf5 g6 13.Rf2 Qxd1+ 14.Rxd1 Kg7 
15.Bg5 Rad8 16.Rdf1 Ne8 17.Be3 Nf6 18.Bc4 Na5 19.Be2 Rc8 20.Bg5 Ng8 21.Be3
Nf6 22.Bg5 Ng8 23.Be3 Bc5 24.Nd5 Bxe3 25.Nxe3 Ne7 26.b4 Nac6 27.c3 Rcd8 
28.a4 Nc8 29.Nc4 Nd6 30.Nxd6 Rxd6 31.Bc4 f6 32.a5 Ne7 33.Rf3 Rc8 34.Bb3 
Rc7 35.g3 g5 36.Ba4 g4 37.Re3 Rd2 38.Rd1 Rcd7 39.Ree1 R7d6 40.Rxd2 Rxd2 
41.Rd1 Rxd1+ 42.Bxd1 f5 43.exf5 Nd5 44.Bxg4 Nxc3 45.Bh3 Kf6 46.g4 e4 47.
Kf2 Nd5 48.Bg2 Ke5 49.Kg3 b5 50.Bf1 Nc3 51.h3 h5 52.a6 hxg4 53.hxg4 Nd5 
54.Bxb5 Nxb4 55.Kh4 Kf6 56.Kh5 Nd3 57.Kh4 Ne5 58.Be2 Nc6 59.Bc4 Nd4 60.Kg3
Kg5 61.f6 1/2-1/2

[Event "1st SWIFT it"]
[Site "Brussels BEL"]
[Date "1986.03.28"]
[Round "5"]
[White "Ljubojevic, Ljubomir"]
[Black "Jadoul, Michel"]
[Result "1-0"]
[WhiteElo "2605"]
[BlackElo "2360"]
[EventDate "1986.03.23"]
[PlyCount "35"]

1.e4 c6 2.c4 g6 3.d4 Bg7 4.Nc3 d6 5.h3 Nd7 6.Nf3 e5 7.Be3 Ngf6 8.Bd3 O-O 
9.O-O exd4 10.Bxd4 Nc5 11.Bc2 Qe7 12.Re1 Be6 13.b3 Rfd8 14.Qd2 d5 15.exd5 
cxd5 16.cxd5 Qc7 17.b4 Bxd5 18.Nxd5 1-0

[Event "1st SWIFT it"]
[Site "Brussels BEL"]
[Date "1986.03.28"]
[Round "5"]
[White "Timman, Jan"]
[Black "Miles, Anthony John"]
[Result "1-0"]
[WhiteElo "2645"]
[BlackElo "2610"]
[EventDate "1986.03.23"]
[PlyCount "59"]

1.d4 Nf6 2.c4 e6 3.Nf3 b6 4.Nc3 Bb4 5.Bg5 Bb7 6.e3 h6 7.Bh4 g5 8.Bg3 Ne4 
9.Qc2 Bxc3+ 10.bxc3 Nxg3 11.fxg3 g4 12.Nh4 Qg5 13.Qd2 Nc6 14.Bd3 Rg8 15.
O-O Ke7 16.Rf4 Raf8 17.Raf1 h5 18.Qf2 Nd8 19.Rf6 Re8 20.e4 d6 21.c5 bxc5 
22.Bb5 Ref8 23.e5 cxd4 24.cxd4 c6 25.Bd3 dxe5 26.Ng6+ Kd7 27.Nxf8+ Rxf8 
28.d5 exd5 29.Qc5 Ke8 30.R1f5 1-0

[Event "1st SWIFT it"]
[Site "Brussels BEL"]
[Date "1986.03.28"]
[Round "5"]
[White "Romanishin, Oleg"]
[Black "Zapata Ramirez, Alonso"]
[Result "1-0"]
[WhiteElo "2560"]
[BlackElo "2515"]
[EventDate "1986.03.23"]
[PlyCount "81"]

1.d4 Nf6 2.Nf3 g6 3.g3 Bg7 4.c4 O-O 5.Bg2 d6 6.O-O Nc6 7.Nc3 a6 8.b3 Rb8 
9.Nd5 Ne4 10.Bb2 f5 11.Qc2 Bd7 12.Rfd1 b5 13.Nf4 Qe8 14.cxb5 axb5 15.d5 
Nb4 16.Qc1 Bxb2 17.Qxb2 g5 18.a3 gxf4 19.axb4 fxg3 20.hxg3 c6 21.dxc6 Bxc6
22.Nd4 Bd7 23.Ra7 Rc8 24.Bxe4 fxe4 25.Qd2 Kh8 26.Nc2 Rf6 27.Ne1 Be6 28.Qe3
d5 29.Ng2 Bf7 30.Qg5 Qd8 31.Ne3 Qd6 32.Nf5 Rxf5 33.Qxf5 Be6 34.Qf4 Qxf4 
35.gxf4 Re8 36.f5 Bg8 37.Rc1 e6 38.fxe6 Bxe6 39.Rcc7 Bf5 40.Rc5 e3 41.fxe3
1-0

[Event "1st SWIFT it"]
[Site "Brussels BEL"]
[Date "1986.03.28"]
[Round "5"]
[White "Torre, Eugenio"]
[Black "Winants, Luc"]
[Result "1-0"]
[WhiteElo "2525"]
[BlackElo "2340"]
[EventDate "1986.03.23"]
[PlyCount "33"]

1.e4 a6 2.d4 b5 3.Nf3 Bb7 4.Bd3 Nf6 5.Nbd2 e6 6.O-O c5 7.c3 Nc6 8.Re1 cxd4
9.cxd4 Rc8 10.a3 Na5 11.Qe2 Qb6 12.b4 Nc4 13.Bxc4 bxc4 14.Nxc4 Qc6 15.Na5 
Qc7 16.d5 Ba8 17.Qxa6 1-0

[Event "1st SWIFT it"]
[Site "Brussels BEL"]
[Date "1986.03.29"]
[Round "6"]
[White "Karpov, Anatoly"]
[Black "Ljubojevic, Ljubomir"]
[Result "1-0"]
[WhiteElo "2700"]
[BlackElo "2605"]
[EventDate "1986.03.23"]
[PlyCount "67"]

1.e4 e6 2.d4 d5 3.Nd2 Nf6 4.e5 Nfd7 5.c3 c5 6.f4 Nc6 7.Ndf3 Qb6 8.g3 a5 9.
a4 cxd4 10.cxd4 Bb4+ 11.Kf2 g5 12.h3 f6 13.Be3 O-O 14.Rc1 Rf7 15.Rh2 Bf8 
16.Qd2 Qb4 17.Qxb4 axb4 18.b3 Na5 19.Rb1 gxf4 20.gxf4 Bh6 21.Bd3 b6 22.
Rg2+ Kh8 23.Ne2 Ba6 24.Bxa6 Rxa6 25.f5 Bxe3+ 26.Kxe3 b5 27.axb5 Rb6 28.
Rbg1 h5 29.Nf4 fxe5 30.Ng6+ Kh7 31.Ng5+ Kg7 32.Nxe5 Nxe5 33.Nxf7+ Kxf7 34.
dxe5 1-0

[Event "1st SWIFT it"]
[Site "Brussels BEL"]
[Date "1986.03.29"]
[Round "6"]
[White "Seirawan, Yasser"]
[Black "Kortschnoj, Viktor"]
[Result "1-0"]
[WhiteElo "2605"]
[BlackElo "2635"]
[EventDate "1986.03.23"]
[PlyCount "123"]

1.d4 Nf6 2.c4 g6 3.Nc3 d5 4.Nf3 Bg7 5.Bg5 Ne4 6.cxd5 Nxg5 7.Nxg5 e6 8.Nf3 
exd5 9.b4 O-O 10.e3 c6 11.Bd3 Nd7 12.O-O Nb6 13.a4 Be6 14.b5 c5 15.dxc5 
Bxc3 16.Rc1 Bb2 17.Rb1 Bf6 18.cxb6 axb6 19.Bc2 Rc8 20.Bb3 Rc5 21.Nd4 Bc8 
22.Rb2 Qe7 23.Rd2 Rd8 24.Rd3 Be5 25.Nf3 Bf5 26.Nxe5 Qxe5 27.Rd4 h5 28.Qd2 
Rd7 29.h3 Be4 30.f3 Bf5 31.e4 Be6 32.f4 Qf6 33.f5 gxf5 34.exf5 Bxf5 35.g4 
hxg4 36.hxg4 Qd6 37.gxf5 f6 38.Rg4+ Rg7 39.Qf4 Rxg4+ 40.Qxg4+ Kf8 41.Qf4 
Qxf4 42.Rxf4 Ke7 43.Kf2 Kd6 44.Rd4 Ke5 45.Ke3 Rc3+ 46.Rd3 d4+ 47.Kd2 Rc7 
48.Bc2 Rh7 49.Rg3 Rh2+ 50.Kc1 Rh1+ 51.Kb2 Rh2 52.Kb3 Rh7 53.Rd3 Kd5 54.Rd2
Rh3+ 55.Kb4 Rg3 56.Bd3 Re3 57.Rd1 Rg3 58.Bb1 Rg2 59.Re1 Rb2+ 60.Ka3 Rd2 
61.Kb3 Rf2 62.Re7 1-0

[Event "1st SWIFT it"]
[Site "Brussels BEL"]
[Date "1986.03.29"]
[Round "6"]
[White "Torre, Eugenio"]
[Black "Timman, Jan"]
[Result "1/2-1/2"]
[WhiteElo "2525"]
[BlackElo "2645"]
[EventDate "1986.03.23"]
[PlyCount "72"]

1.e4 c5 2.Nf3 d6 3.d4 cxd4 4.Nxd4 Nf6 5.Nc3 Nc6 6.Be2 e5 7.Nf3 h6 8.O-O 
Be7 9.Re1 O-O 10.h3 Re8 11.Bf1 Bf8 12.b3 a6 13.Bb2 b5 14.Qd2 Bb7 15.a3 Rc8
16.a4 b4 17.Nd5 Nxd5 18.Qxd5 Na5 19.Qd2 Qb6 20.Bd3 g6 21.Nh2 Bg7 22.Ng4 h5
23.Ne3 Bh6 24.Qe2 Bxe3 25.Qxe3 Qxe3 26.Rxe3 Rc5 27.Rd1 Rec8 28.Re2 R5c6 
29.f4 Rc5 30.Rf2 R8c7 31.fxe5 dxe5 32.Rf6 R7c6 33.Rdf1 Rxf6 34.Rxf6 Nc6 
35.Bc4 Na5 36.Bd3 Nc6 1/2-1/2

[Event "1st SWIFT it"]
[Site "Brussels BEL"]
[Date "1986.03.29"]
[Round "6"]
[White "Zapata Ramirez, Alonso"]
[Black "Van der Wiel, John"]
[Result "1-0"]
[WhiteElo "2515"]
[BlackElo "2555"]
[EventDate "1986.03.23"]
[PlyCount "149"]

1.e4 d6 2.d4 Nf6 3.Nc3 g6 4.Be3 c6 5.Qd2 Qa5 6.Nf3 b5 7.Bd3 b4 8.Ne2 Ba6 
9.O-O Bxd3 10.cxd3 Qb5 11.a3 Na6 12.Rfc1 Bg7 13.axb4 O-O 14.Ra5 Qb7 15.b5 
cxb5 16.Rca1 Nc7 17.d5 a6 18.Ned4 e6 19.dxe6 fxe6 20.Rc1 e5 21.Nc6 Kh8 22.
Qb4 Nce8 23.Qa3 Ng4 24.Bd2 Qb6 25.Be1 Bh6 26.Rc2 Rf7 27.Nb4 Rc7 28.h3 Rxc2
29.Nxc2 Ngf6 30.Bc3 Qb7 31.Qa2 Nc7 32.Bd2 Bxd2 33.Nxd2 Kg7 34.Nf3 Qc6 35.
Qb3 Rf8 36.Ra1 Qc5 37.Qc3 Nd7 38.Nb4 Qxc3 39.bxc3 Nc5 40.Nd2 Ra8 41.d4 Na4
42.dxe5 dxe5 43.c4 Nc5 44.cxb5 Nxb5 45.Nc6 Kf6 46.f3 Nd4 47.Nxd4 exd4 48.
Ra5 Rc8 49.Kf1 Rc6 50.Ke2 h5 51.h4 Ke7 52.f4 Kd7 53.Nf3 Rc7 54.Nxd4 Nxe4 
55.Rxa6 Rc4 56.Ra7+ Ke8 57.Kd3 Ra4 58.Rxa4 Nc5+ 59.Ke3 Nxa4 60.f5 Kf7 61.
Kf4 Kf6 62.fxg6 Kxg6 63.Ne2 Nb2 64.Ke4 Nd1 65.Nf4+ Kh6 66.Nd5 Nf2+ 67.Ke5 
Kg6 68.Nf4+ Kh6 69.Kf5 Ng4 70.Nd5 Nf2 71.Ne3 Nd3 72.Kf6 Ne1 73.Nf5+ Kh7 
74.g3 Nf3 75.Nd6 1-0

[Event "1st SWIFT it"]
[Site "Brussels BEL"]
[Date "1986.03.29"]
[Round "6"]
[White "Winants, Luc"]
[Black "Jadoul, Michel"]
[Result "1/2-1/2"]
[WhiteElo "2340"]
[BlackElo "2360"]
[EventDate "1986.03.23"]
[PlyCount "39"]

1.d4 Nf6 2.c4 g6 3.Nc3 Bg7 4.e4 d6 5.Nf3 O-O 6.Be2 Nbd7 7.O-O e5 8.Qc2 c6 
9.Rd1 Qe7 10.b4 exd4 11.Nxd4 Re8 12.f3 a5 13.bxa5 Rxa5 14.Nb3 Ra8 15.Bg5 
h6 16.Bh4 Ne5 17.Qd2 Nxe4 18.Nxe4 Qxh4 19.Nxd6 Rd8 20.c5 1/2-1/2